Normal view
MARC view
- الشنقيطي، أحمد الأمين
Entry Personal Name
001 - CONTROL NUMBER
- control field: 56407
003 - CONTROL NUMBER IDENTIFIER
- control field: JO-AjAnu
005 - DATE AND TIME OF LATEST TRANSACTION
- control field: 20230606083238.0
008 - FIXED-LENGTH DATA ELEMENTS
- fixed length control field: 230606|| aca||aabn | a|a d
040 ## - CATALOGING SOURCE
- Original cataloging agency: JO-AjAnu
- Transcribing agency: JO-AjAnu
100 ## - HEADING--PERSONAL NAME
- Personal name: الشنقيطي، أحمد الأمين
670 ## - SOURCE DATA FOUND
- Source citation: Work cat.: (JO-AjAnu)28784: الشنقيطي، أحمد الأمين, author, شرح المعلقات العشر وأخبار شعرائها